[Event "VII OPEN AMATEUR CALVIA"]
[Site "Calvia - Mallorca (España)"]
[Date "2010.10.10"]
[Round "2"]
[Board "1"]
[White "Schuermans, Robert"]
[Black "Draghici Flutur, Gavril"]
[Result "1-0"]
[WhiteElo "2069"]
[BlackElo "2152"]
[PlyCount "81"]
[EventDate "2010.10.09"]
[EventRounds "9"]
[EventCountry "ESP"]

1.e4 c5 2.Nf3 Nc6 3.d4 cxd4 4.Nxd4 Nf6 5.Nc3 d6 6.Bc4 e6 7.Be3 a6 8.Qe2 Qc7
9.Bb3 b5 10.f3 Na5 11.g4 Be7 12.g5 Nh5 13.Qd2 Nc4 14.Ndxb5 axb5 15.Nxb5 Nxd2
16.Nxc7+ Kd8 17.Nxa8 Nxf3+ 18.Kf2 Nxg5 19.Bb6+ Ke8 20.Ba4+ Kf8 21.Bc6 Nf6
22.Rhe1 Ng4+ 23.Kg2 Ne5 24.Bb5 Bb7 25.Nc7 Nxe4 26.Ba6 Bc6 27.Bb5 d5 28.Bxc6 Nxc6
29.a4 Bh4 30.Re2 Ke7 31.c4 Rb8 32.cxd5 Rxb6 33.Rxe4 Rxb2+ 34.Kh1 Rb4 35.Rxb4
Nxb4 36.dxe6 fxe6 37.a5 Bf2 38.a6 Nc6 39.Nb5 Na7 40.Nxa7 Bxa7 41.Rb1

[Event "VII OPEN AMATEUR CALVIA"]
[Site "Calvia - Mallorca (España)"]
[Date "2010.10.10"]
[Round "2"]
[Board "1"]
[White "Walton, Alan J"]
[Black "Castell Cantero, Salvador"]
[Result "1-0"]
[WhiteElo "2152"]
[BlackElo "2059"]
[PlyCount "73"]
[EventDate "2010.10.09"]
[EventRounds "9"]
[EventCountry "ESP"]

1.d4 d5 2.c4 c6 3.Nf3 Nf6 4.Nc3 e6 5.Bg5 Be7 6.e3 Nbd7 7.Bd3 dxc4 8.Bxc4 b5
9.Bd3 a6 10.Rc1 Bb7 11.O-O c5 12.dxc5 Nxc5 13.Bb1 Qb6 14.Nd4 Rc8 15.Nce2 O-O
16.Ng3 Rfd8 17.Qe2 Rd5 18.Bxf6 Bxf6 19.b4 Bxd4 20.exd4 Nd7 21.Rxc8+ Bxc8 22.Qc2
Bb7 23.Qxh7+ Kf8 24.Re1 g6 25.Be4 Rd6 26.Bxb7 Qxb7 27.Qh8+ Ke7 28.Qh4+ Kf8
29.Ne4 Rd5 30.Qd8+ Kg7 31.Qe7 Rf5 32.Nd6 Qd5 33.Qxd7 Kh7 34.Qe7 Rg5 35.Qxf7+ Kh6
36.Qf8+ Kh5 37.Qh8+

[Event "VII OPEN AMATEUR CALVIA"]
[Site "Calvia - Mallorca (España)"]
[Date "2010.10.10"]
[Round "2"]
[Board "1"]
[White "Dzubasz, Tino"]
[Black "Holm, Kristian Stuvik"]
[Result "0-1"]
[WhiteElo "2039"]
[BlackElo "2151"]
[PlyCount "64"]
[EventDate "2010.10.09"]
[EventRounds "9"]
[EventCountry "ESP"]

1.e4 c5 2.c3 g6 3.d4 cxd4 4.cxd4 d5 5.exd5 Nf6 6.Nc3 Nxd5 7.Qb3 Nb6 8.Nf3 Bg7
9.Bb5+ Bd7 10.Ne5 O-O 11.Nxd7 N8xd7 12.Bg5 Nf6 13.Rd1 Rc8 14.O-O Nbd5 15.Rfe1 e6
16.Be2 Nxc3 17.bxc3 Qa5 18.Bxf6 Bxf6 19.Rd3 b5 20.Red1 a6 21.g3 Rc7 22.Rf3 Kg7
23.Rdd3 Rfc8 24.Bf1 Rc4 25.Rxf6 Rxc3 26.Rdf3 Rxb3 27.Rxf7+ Kg8 28.axb3 Qa1
29.Kg2 Qxd4 30.Kh3 e5 31.Re7 Qd1 32.Bg2 Rc3

[Event "VII OPEN AMATEUR CALVIA"]
[Site "Calvia - Mallorca (España)"]
[Date "2010.10.10"]
[Round "2"]
[Board "1"]
[White "Berendsen, Markus"]
[Black "Rhein, Klaus"]
[Result "1/2-1/2"]
[WhiteElo "2034"]
[BlackElo "2146"]
[PlyCount "86"]
[EventDate "2010.10.09"]
[EventRounds "9"]
[EventCountry "ESP"]

1.c4 e5 2.g3 d6 3.Bg2 f5 4.Nc3 Nf6 5.d3 Be7 6.e3 O-O 7.Nge2 c6 8.O-O a5 9.a3 Qe8
10.f4 Kh8 11.Rb1 Be6 12.b4 axb4 13.axb4 Nbd7 14.h3 Nh5 15.Kh2 exf4 16.Nxf4 Nxf4
17.exf4 Bf6 18.Bb2 Qf7 19.Re1 Rfe8 20.Qd2 Nf8 21.b5 Bd7 22.bxc6 bxc6 23.Ne2 Ra2
24.Nc3 Ra6 25.Ne2 Ra2 26.Nc3 Rxe1 27.Rxe1 Ra8 28.Nd1 Rb8 29.Ba3 d5 30.Bd6 Rc8
31.cxd5 cxd5 32.Be5 Bxe5 33.Rxe5 Be6 34.Nc3 d4 35.Ne2 Ng6 36.Rb5 Qa7 37.Qb2 Rd8
38.Rb7 Qa2 39.Qxa2 Bxa2 40.Ra7 Bb3 41.Ra8 Rxa8 42.Bxa8 Bc2 43.Nxd4 Bxd3

[Event "VII OPEN AMATEUR CALVIA"]
[Site "Calvia - Mallorca (España)"]
[Date "2010.10.10"]
[Round "2"]
[Board "1"]
[White "Lopez Colon, Francisco"]
[Black "Sokalskaja, Elena"]
[Result "1/2-1/2"]
[WhiteElo "2145"]
[BlackElo "2036"]
[PlyCount "117"]
[EventDate "2010.10.09"]
[EventRounds "9"]
[EventCountry "ESP"]

1.d4 Nf6 2.c4 g6 3.Nc3 d5 4.cxd5 Nxd5 5.Bd2 Bg7 6.e4 Nb6 7.Be3 Nc6 8.d5 Ne5
9.Bd4 O-O 10.f4 Ng4 11.Bxg7 Kxg7 12.Qd4+ Kg8 13.O-O-O e5 14.fxe5 Qg5+ 15.Rd2
Nxe5 16.Nf3 Nxf3 17.gxf3 c6 18.a4 cxd5 19.a5 Nc4 20.Bxc4 dxc4 21.Nd5 f6 22.f4
Qh4 23.f5 Kg7 24.Rf1 g5 25.Nc7 Rb8 26.Qxc4 b5 27.Ne6+ Bxe6 28.Qxe6 Rbc8+ 29.Kb1
Rc7 30.Rd7+ Rxd7 31.Qxd7+ Rf7 32.Qc6 Re7 33.Qxb5 Qxe4+ 34.Ka1 Rb7 35.Qc5 Qa4+
36.Kb1 Qb5 37.Qxb5 Rxb5 38.Kc2 Rxa5 39.Rf2 h5 40.Kd3 Re5 41.b4 g4 42.Ra2 Rxf5
43.Rxa7+ Kg6 44.Ra2 Rf1 45.Rb2 Rd1+ 46.Kc4 h4 47.b5 f5 48.b6 Rd8 49.b7 Rb8
50.Kd5 Kg5 51.Kd4 g3 52.hxg3 hxg3 53.Ke3 Kg4 54.Rb4+ f4+ 55.Rxf4+ Kh3 56.Rf7 Kg2
57.Rg7 Re8+ 58.Kd4 Kf2 59.Kc5

[Event "VII OPEN AMATEUR CALVIA"]
[Site "Calvia - Mallorca (España)"]
[Date "2010.10.10"]
[Round "2"]
[Board "1"]
[White "Adams, Philip"]
[Black "Navarrete Terrasa, Sebastian"]
[Result "1-0"]
[WhiteElo "2133"]
[BlackElo "1997"]
[PlyCount "47"]
[EventDate "2010.10.09"]
[EventRounds "9"]
[EventCountry "ESP"]

1.e4 c5 2.Nf3 e6 3.c3 Nf6 4.e5 Nd5 5.d4 cxd4 6.cxd4 b6 7.Bd3 Ba6 8.O-O Bxd3
9.Qxd3 Nc6 10.Nc3 Nxc3 11.bxc3 d5 12.exd6 Bxd6 13.Re1 Be7 14.Bf4 O-O 15.Rad1 Rc8
16.c4 Qd7 17.d5 Rfd8 18.Qe2 Na5 19.Ne5 Qb7 20.Nxf7 Kxf7 21.Qxe6+ Kf8 22.d6 Bf6
23.d7 Rc6 24.Qe8+

[Event "VII OPEN AMATEUR CALVIA"]
[Site "Calvia - Mallorca (España)"]
[Date "2010.10.10"]
[Round "2"]
[Board "1"]
[White "Porte, Henrik"]
[Black "Hermida Izquierdo, Miguel Angel"]
[Result "1-0"]
[WhiteElo "2113"]
[BlackElo "1774"]
[PlyCount "53"]
[EventDate "2010.10.09"]
[EventRounds "9"]
[EventCountry "ESP"]

1.d4 d5 2.c4 Nf6 3.Nc3 e6 4.Bg5 Be7 5.e3 O-O 6.Nf3 b6 7.cxd5 Nxd5 8.Bxe7 Nxe7
9.Bd3 Bb7 10.Bxh7+ Kxh7 11.Ng5+ Kh6 12.Qg4 Nf5 13.f4 Na6 14.O-O-O Qd7 15.e4 Nxd4
16.e5 Rh8 17.Rxd4 Qxd4 18.Qh4+ Kg6 19.f5+ exf5 20.Qxd4 Kxg5 21.Rf1 g6 22.Qf4+
Kh5 23.Ne2 g5 24.Ng3+ Kh6 25.Nxf5+ Kh5 26.g4+ Kg6 27.Ne7+

[Event "VII OPEN AMATEUR CALVIA"]
[Site "Calvia - Mallorca (España)"]
[Date "2010.10.10"]
[Round "2"]
[Board "1"]
[White "Chueca Forcen, Alberto"]
[Black "Mosquera Ulloa, Fernando"]
[Result "1-0"]
[WhiteElo "2280"]
[BlackElo "1960"]
[PlyCount "103"]
[EventDate "2010.10.09"]
[EventRounds "9"]
[EventCountry "ESP"]

1.d4 Nf6 2.c4 e6 3.Nc3 Bb4 4.e3 b6 5.Bd3 Bb7 6.Nf3 Ne4 7.Qc2 f5 8.O-O Bxc3
9.bxc3 O-O 10.Nd2 Nf6 11.f3 Nc6 12.e4 fxe4 13.fxe4 e5 14.Nf3 d6 15.Rb1 Qe7
16.Bg5 h6 17.Bh4 g5 18.Bf2 Ng4 19.h3 Nxf2 20.Qxf2 Ba6 21.Qg3 Qg7 22.Qf2 Rf6
23.Qe3 Raf8 24.c5 Bxd3 25.Qxd3 Kh8 26.cxb6 axb6 27.Qb5 Qd7 28.Rbd1 Qe8 29.h4 g4
30.Nh2 Rxf1+ 31.Rxf1 Rxf1+ 32.Qxf1 Qg6 33.d5 Na5 34.Qf8+ Kh7 35.Qe7+ Qg7
36.Qxg7+ Kxg7 37.Nxg4 Nc4 38.Kf2 b5 39.Ke2 Kg6 40.Nf2 Kh5 41.g3 Nb2 42.Kd2 Nc4+
43.Kd3 Nb2+ 44.Kc2 Nc4 45.Kb3 Nd2+ 46.Kb4 Nb1 47.a3 Kg6 48.c4 bxc4 49.a4 c3
50.Kb3 c2 51.Kxc2 Na3+ 52.Kb3

[Event "VII OPEN AMATEUR CALVIA"]
[Site "Calvia - Mallorca (España)"]
[Date "2010.10.10"]
[Round "2"]
[Board "1"]
[White "Cemborain Oricain, Alfonso"]
[Black "Barcelo Pujadas, Pedro Jose"]
[Result "0-1"]
[WhiteElo "1987"]
[BlackElo "2269"]
[PlyCount "54"]
[EventDate "2010.10.09"]
[EventRounds "9"]
[EventCountry "ESP"]

1.e4 e6 2.d4 d5 3.e5 c5 4.c3 Qb6 5.Nf3 Bd7 6.a3 a5 7.Be2 Nc6 8.O-O a4 9.Bd3 Na5
10.Nbd2 Bb5 11.dxc5 Bxc5 12.Bxb5+ Qxb5 13.Nd4 Bxd4 14.cxd4 Ne7 15.Nb1 Nb3 16.Nc3
Qb6 17.Rb1 Qxd4 18.Qe2 O-O 19.Rd1 Qh4 20.g3 Qh3 21.Qb5 Nc6 22.f4 Ncd4 23.Qd3
Rfc8 24.Nb5 Nxb5 25.Qxb5 Rc2 26.Bd2 Rxd2 27.Rxd2 Nxd2

[Event "VII OPEN AMATEUR CALVIA"]
[Site "Calvia - Mallorca (España)"]
[Date "2010.10.10"]
[Round "2"]
[Board "1"]
[White "Puroila, Sippo"]
[Black "Garcia Gil, Javier"]
[Result "1/2-1/2"]
[WhiteElo "1950"]
[BlackElo "2241"]
[PlyCount "86"]
[EventDate "2010.10.09"]
[EventRounds "9"]
[EventCountry "ESP"]

1.d4 Nf6 2.c4 e6 3.Nf3 b6 4.Bf4 Bb7 5.Nc3 Bb4 6.a3 Bxc3+ 7.bxc3 Ne4 8.Qc2 f5
9.h4 d6 10.Ng5 Nxg5 11.Bxg5 Qd7 12.f3 O-O 13.Bd2 Na6 14.e3 c5 15.Be2 Rac8 16.d5
exd5 17.cxd5 c4 18.e4 fxe4 19.fxe4 Nc5 20.Rh3 Rce8 21.Re3 Rf4 22.Bf3 Rxh4
23.O-O-O Qb5 24.Qb1 Nb3+ 25.Kc2 Qc5 26.Bc1 Bc8 27.Ree1 Nxc1 28.Qxc1 Rh6 29.Rh1
Rxh1 30.Rxh1 Bd7 31.Kb2 Ba4 32.Rf1 a5 33.Bg4 Qb5+ 34.Ka1 Qc5 35.Be6+ Rxe6
36.dxe6 Qe5 37.Qd2 Bc6 38.Kb2 Qxe6 39.Qf2 Qf6 40.Qe2 Qe6 41.Qf2 Qf6 42.Qe2 Qe6
43.Qf2 Qf6

[Event "VII OPEN AMATEUR CALVIA"]
[Site "Calvia - Mallorca (España)"]
[Date "2010.10.10"]
[Round "2"]
[Board "1"]
[White "Fruebing, Thomas"]
[Black "Patola, Eero"]
[Result "1-0"]
[WhiteElo "2234"]
[BlackElo "1924"]
[PlyCount "73"]
[EventDate "2010.10.09"]
[EventRounds "9"]
[EventCountry "ESP"]

1.e4 c5 2.c3 e6 3.d4 cxd4 4.cxd4 d5 5.exd5 Qxd5 6.Nc3 Qd8 7.Nf3 Nf6 8.Bf4 a6
9.Bd3 Bd6 10.Bg5 Be7 11.O-O O-O 12.Qe2 Re8 13.Rad1 Nd5 14.Nxd5 exd5 15.Bxe7 Qxe7
16.Qc2 h6 17.Rfe1 Be6 18.Bf5 Nc6 19.Bxe6 fxe6 20.Qd2 Qf6 21.Re2 Rad8 22.Rde1 Rd6
23.h3 g5 24.Ne5 Qg7 25.a3 Nxe5 26.Rxe5 Rc6 27.Rxd5 Rec8 28.Rc5 Qg6 29.Qe3 Rxc5
30.dxc5 Kf7 31.Qf3+ Kg8 32.Qxb7 Qe8 33.Qxa6 Rxc5 34.Qxe6+ Qxe6 35.Rxe6 Rc1+
36.Kh2 Rc2 37.b4

[Event "VII OPEN AMATEUR CALVIA"]
[Site "Calvia - Mallorca (España)"]
[Date "2010.10.10"]
[Round "2"]
[Board "1"]
[White "Knudsen, Jes West"]
[Black "Sokalsky, Alexander"]
[Result "1-0"]
[WhiteElo "1996"]
[BlackElo "2226"]
[PlyCount "121"]
[EventDate "2010.10.09"]
[EventRounds "9"]
[EventCountry "ESP"]

1.e4 c5 2.Nf3 e6 3.Nc3 Nc6 4.Bb5 Nge7 5.d4 cxd4 6.Nxd4 Qc7 7.O-O Nxd4 8.Qxd4 Nc6
9.Qc4 a6 10.Bxc6 Qxc6 11.Qxc6 bxc6 12.Na4 Rb8 13.c3 d6 14.Be3 Bd7 15.Nb6 c5
16.Nxd7 Kxd7 17.b3 Kc6 18.c4 Be7 19.f4 a5 20.f5 Bf6 21.Rad1 a4 22.Rd3 axb3
23.axb3 Ra8 24.Rfd1 Be5 25.g3 Ra2 26.fxe6 fxe6 27.Kh1 Rha8 28.Bf4 Bd4 29.b4 e5
30.Be3 Ra1 31.b5+ Kb6 32.Bg5 Kc7 33.Rxa1 Rxa1+ 34.Kg2 Ra2+ 35.Rd2 Ra4 36.Rc2 Ra1
37.Bd2 Kb6 38.h4 h5 39.Bc3 Ra3 40.Bd2 Ra1 41.Bc3 Ra4 42.Bd2 Ra3 43.Bc1 Ra1
44.Bd2 g6 45.Bc3 Ra4 46.Bd2 Ra3 47.Bc1 Rd3 48.Ra2 Rc3 49.Ra6+ Kb7 50.Bg5 Rxc4
51.Rxd6 Rb4 52.Rxg6 Rxb5 53.g4 Rb2+ 54.Kg3 Rb3+ 55.Kg2 hxg4 56.h5 Rh3 57.h6 c4
58.Rg7+ Kc6 59.h7 c3 60.Rg6+ Kb5 61.Rh6

[Event "VII OPEN AMATEUR CALVIA"]
[Site "Calvia - Mallorca (España)"]
[Date "2010.10.10"]
[Round "2"]
[Board "1"]
[White "Planas Gene, Juan"]
[Black "Oliver Amengual, Adria"]
[Result "1-0"]
[WhiteElo "2163"]
[BlackElo "1866"]
[PlyCount "67"]
[EventDate "2010.10.09"]
[EventRounds "9"]
[EventCountry "ESP"]

1.d4 Nf6 2.c4 g6 3.Nc3 Bg7 4.e4 d6 5.Nf3 O-O 6.Be2 c5 7.d5 e6 8.O-O exd5 9.cxd5
Re8 10.Qc2 Na6 11.Bf4 Nb4 12.Qb1 Nfxd5 13.exd5 Bxc3 14.bxc3 Nxd5 15.Bg5 Nxc3
16.Bxd8 Nxb1 17.Raxb1 Rxd8 18.Rfd1 b6 19.Bc4 Bb7 20.Bd5 Bxd5 21.Rxd5 Kf8 22.Rbd1
Ke7 23.Ng5 Rac8 24.Re1+ Kf6 25.Nxh7+ Kg7 26.Ng5 c4 27.h4 c3 28.Rc1 Rc6 29.Rd3
Rdc8 30.Ne4 c2 31.Nxd6 Rh8 32.g3 Kf6 33.Rd2 Ke6 34.Nb5

[Event "VII OPEN AMATEUR CALVIA"]
[Site "Calvia - Mallorca (España)"]
[Date "2010.10.10"]
[Round "2"]
[Board "1"]
[White "Nilsson, Viktor"]
[Black "Christiansen, Johan-Sebastian"]
[Result "1-0"]
[WhiteElo "2151"]
[BlackElo "1899"]
[PlyCount "175"]
[EventDate "2010.10.09"]
[EventRounds "9"]
[EventCountry "ESP"]

1.d4 Nf6 2.Nf3 e6 3.g3 b6 4.Bg2 Bb7 5.O-O g6 6.c4 Bg7 7.Nc3 O-O 8.Bg5 h6 9.Bxf6
Bxf6 10.e4 Re8 11.Qd2 Bg7 12.Rac1 d6 13.d5 Nd7 14.Nd4 e5 15.Nde2 g5 16.Bh3 Nf8
17.Bf5 Bc8 18.g4 Ng6 19.Bxg6 fxg6 20.f3 Rf8 21.b4 a5 22.a3 Rf7 23.Qc2 Qf8 24.Kg2
Ba6 25.Nb1 axb4 26.axb4 h5 27.h3 Bf6 28.Nd2 Be7 29.Nc3 Rf4 30.Ra1 Kg7 31.b5 Bb7
32.Rxa8 Bxa8 33.Ne2 Rf7 34.Ra1 Bb7 35.Ng3 h4 36.Ne2 Bd8 37.Ra7 Bc8 38.Ra8 Bb7
39.Rb8 Qe7 40.Rxb7 Qf6 41.Qa4 Rf8 42.Qa8 Qf7 43.Qc8 Re8 44.Ra7 Bf6 45.Qa6 Bd8
46.Ra8 Rf8 47.Qa3 Qd7 48.Qe3 Qf7 49.Nb1 Bf6 50.Rxf8 Qxf8 51.Qa3 Bd8 52.Nbc3 Be7
53.Na2 Qf7 54.Nb4 Bf8 55.Qa7 c5 56.Qxf7+ Kxf7 57.Nc6 Ke8 58.Nc3 Kd7 59.Na4 Kc7
60.Kf2 Kb7 61.Nd8+ Ka7 62.Ke2 Bg7 63.Nf7 Bf8 64.Nxg5 Bh6 65.Nf7 Bf8 66.f4 exf4
67.Kf3 Be7 68.Kxf4 Kb7 69.g5 Kc7 70.Kg4 Kd7 71.Nh8 Ke8 72.Nxg6 Bd8 73.Nxh4 Kf7
74.Nf5 Kg6 75.h4 Bc7 76.h5+ Kh7 77.g6+ Kg8 78.h6 Bd8 79.Nxd6 Be7 80.h7+ Kg7
81.Nf7 Kxg6 82.h8=Q Kxf7 83.Kf5 Bf8 84.Qh7+ Bg7 85.e5 Kf8 86.Ke6 Ke8 87.Qxg7 Kd8
88.Qd7#

[Event "VII OPEN AMATEUR CALVIA"]
[Site "Calvia - Mallorca (España)"]
[Date "2010.10.10"]
[Round "2"]
[Board "1"]
[White "Selten, Jan"]
[Black "Mercant Simo, Jaime"]
[Result "0-1"]
[WhiteElo "1949"]
[BlackElo "2123"]
[PlyCount "94"]
[EventDate "2010.10.09"]
[EventRounds "9"]
[EventCountry "ESP"]

1.e4 e6 2.d3 c5 3.Nd2 g6 4.Ngf3 Bg7 5.g3 Nc6 6.Bg2 Nge7 7.O-O d5 8.Re1 O-O 9.c3
Qc7 10.Nf1 d4 11.Qc2 Qd6 12.cxd4 cxd4 13.N1d2 e5 14.Nc4 Qc5 15.b3 Nb4 16.Qd2 b5
17.Ba3 Nec6 18.Na5 Qc3 19.Nxc6 Nxc6 20.Bxf8 Bxf8 21.Rec1 Qxd2 22.Nxd2 Nb4 23.Bf1
Bh6 24.Rd1 Bg4 25.f3 Be6 26.a3 Nc2 27.Ra2 Ne3 28.Rc1 a5 29.Be2 a4 30.Rb1 Rc8
31.Rab2 Nc2 32.Rc1 axb3 33.Nxb3 Bxb3 34.Rxb3 Bxc1 35.Rxb5 Bxa3 36.Rxe5 Bc1
37.Bd1 Nb4 38.Bb3 Nxd3 39.Re7 Rf8 40.Kf1 Be3 41.Bc4 Nb2 42.Bb3 Nd3 43.f4 Nc5
44.Bc4 Kg7 45.Ke2 Kf6 46.Rc7 Nxe4 47.g4 Bxf4

[Event "VII OPEN AMATEUR CALVIA"]
[Site "Calvia - Mallorca (España)"]
[Date "2010.10.10"]
[Round "2"]
[Board "1"]
[White "De Esteban De Esteban, Valentin"]
[Black "Mulligan, Stephen"]
[Result "1/2-1/2"]
[WhiteElo "1796"]
[BlackElo "2098"]
[PlyCount "124"]
[EventDate "2010.10.09"]
[EventRounds "9"]
[EventCountry "ESP"]

1.e4 e5 2.Nf3 Nc6 3.Bc4 Be7 4.O-O Nf6 5.Qe2 O-O 6.c3 d6 7.h3 Na5 8.Bd3 a6 9.Bc2
Nc6 10.d4 Bd7 11.d5 Nb8 12.Be3 a5 13.Nbd2 Na6 14.Bd3 Re8 15.a3 a4 16.Rac1 Bf8
17.Bg5 Be7 18.Be3 h6 19.Nh2 Nc5 20.Bxc5 dxc5 21.f4 Bd6 22.f5 Qe7 23.Ng4 Rab8
24.Nxf6+ Qxf6 25.c4 b6 26.Nb1 Ra8 27.Nc3 Ra7 28.Bc2 Rea8 29.Bd3 Re8 30.Bc2 Rea8
31.Qh5 Be7 32.Qe2 Bd6 33.Bd3 Rb8 34.Rf3 Kf8 35.Rcf1 Ke7 36.Nd1 Rh8 37.Ne3 h5
38.Rg3 Rh7 39.Rgf3 Ra8 40.Nd1 Rg8 41.Nc3 Ra8 42.Bc2 g6 43.fxg6 Qxg6 44.Rf6 Qg5
45.Qf3 Be8 46.Nb5 h4 47.Nc3 Rg7 48.Nd1 Rg6 49.Rf5 Qg3 50.Ne3 Qxf3 51.R1xf3 b5
52.cxb5 f6 53.Bd3 Rb8 54.Rf2 Bxb5 55.Bxb5 Rxb5 56.Ng4 c4 57.Rc2 Bc5+ 58.Kf1 Bd4
59.Rxc4 Rxb2 60.Rxa4 Rb1+ 61.Ke2 Rb2+ 62.Kf1 Rb1+

[Event "VII OPEN AMATEUR CALVIA"]
[Site "Calvia - Mallorca (España)"]
[Date "2010.10.10"]
[Round "2"]
[Board "1"]
[White "Serarols Mabras, Bernat"]
[Black "Simo Bordoy, Guillermo"]
[Result "1-0"]
[WhiteElo "1817"]
[BlackElo "2025"]
[PlyCount "79"]
[EventDate "2010.10.09"]
[EventRounds "9"]
[EventCountry "ESP"]

1.d4 c5 2.d5 Nf6 3.c4 g6 4.Nc3 Bg7 5.e4 d6 6.Bd3 O-O 7.h3 e6 8.Nf3 exd5 9.cxd5
Na6 10.O-O Nc7 11.Re1 Rb8 12.a4 b6 13.Bf4 a6 14.Bb1 Bb7 15.Ba2 Rc8 16.Bxd6 Qxd6
17.e5 Qd7 18.exf6 Bxf6 19.Ne5 Bxe5 20.Rxe5 Kg7 21.d6 Ne6 22.Bxe6 fxe6 23.Qe2
Rce8 24.Rd1 Rf4 25.Qe3 Rf5 26.f3 Rxe5 27.Qxe5+ Kg8 28.a5 bxa5 29.Qxc5 Bc6
30.Qxa5 Rb8 31.Ne4 Qa7+ 32.Kh1 Bd7 33.Nf6+ Kg7 34.Nxd7 Qxd7 35.Qxa6 Rc8 36.Qd3
Kf7 37.Qd4 Rc2 38.Qh8 Qc6 39.Qxh7+ Kf6 40.d7

[Event "VII OPEN AMATEUR CALVIA"]
[Site "Calvia - Mallorca (España)"]
[Date "2010.10.10"]
[Round "2"]
[Board "1"]
[White "Porfireanu, Serban"]
[Black "Veras Sanz, Jose Antonio"]
[Result "1-0"]
[WhiteElo "2024"]
[BlackElo "1715"]
[PlyCount "91"]
[EventDate "2010.10.09"]
[EventRounds "9"]
[EventCountry "ESP"]

1.c4 e5 2.Nc3 Nf6 3.g3 Nc6 4.Bg2 Bb4 5.a3 Bxc3 6.bxc3 O-O 7.d3 d5 8.cxd5 Nxd5
9.Qc2 Be6 10.Nf3 f6 11.Rb1 Rb8 12.h4 Qd7 13.h5 Nde7 14.a4 a5 15.Nd2 Bd5 16.Nf3
b6 17.Ba3 Rfd8 18.h6 g6 19.e4 Be6 20.Rd1 Qe8 21.d4 exd4 22.cxd4 Bg4 23.Qc4+ Qf7
24.d5 Bxf3 25.Bxf3 Ne5 26.Qe2 Nxf3+ 27.Qxf3 Nc8 28.O-O Nd6 29.Rfe1 Nc4 30.Rc1
Ne5 31.Qc3 Qd7 32.f4 Ng4 33.Qxc7 Nxh6 34.Qxd7 Rxd7 35.Rc6 Kf7 36.Rb1 Re8
37.Rbxb6 Ng4 38.Re6 f5 39.exf5 gxf5 40.Rxe8 Kxe8 41.d6 Ne3 42.Rc6 Rg7 43.Kf2
Ng4+ 44.Kf3 Nh2+ 45.Kg2 Ng4 46.Rc8+

[Event "VII OPEN AMATEUR CALVIA"]
[Site "Calvia - Mallorca (España)"]
[Date "2010.10.10"]
[Round "2"]
[Board "1"]
[White "Torres Mari, Juan"]
[Black "Pasanen, Tuomo"]
[Result "0-1"]
[WhiteElo "1775"]
[BlackElo "1992"]
[PlyCount "70"]
[EventDate "2010.10.09"]
[EventRounds "9"]
[EventCountry "ESP"]

1.d4 c6 2.c4 d5 3.Nc3 Nf6 4.Nf3 e6 5.Bg5 h6 6.Bh4 dxc4 7.e4 g5 8.Bg3 b5 9.Qc2
Bb7 10.Rd1 Nbd7 11.Be2 Qb6 12.h4 g4 13.Ne5 h5 14.O-O Be7 15.Nxd7 Nxd7 16.d5 Nf8
17.b3 cxb3 18.Qxb3 exd5 19.exd5 Ng6 20.dxc6 Bxc6 21.Nxb5 O-O 22.Bd6 Bxg2 23.Kxg2
Bxd6 24.Rxd6 Nf4+ 25.Kh2 Qb7 26.f3 Qe7 27.Kg3 Nxe2+ 28.Kf2 g3+ 29.Kg2 Nd4
30.Nxd4 Qxd6 31.Qe3 Kh7 32.Nf5 Qg6 33.Qf4 Rac8 34.Rg1 Rc2+ 35.Kh3 Rh2#

[Event "VII OPEN AMATEUR CALVIA"]
[Site "Calvia - Mallorca (España)"]
[Date "2010.10.10"]
[Round "2"]
[Board "1"]
[White "Strand, Oyvin"]
[Black "Solsona Manonelles, Josep"]
[Result "1-0"]
[WhiteElo "1978"]
[BlackElo "1778"]
[PlyCount "51"]
[EventDate "2010.10.09"]
[EventRounds "9"]
[EventCountry "ESP"]

1.Nf3 Nf6 2.g3 d5 3.d3 e6 4.Nbd2 c5 5.Bg2 Nc6 6.O-O Be7 7.e4 O-O 8.Re1 Qc7 9.c3
b6 10.e5 Nd7 11.Qe2 Bb7 12.h4 Rae8 13.Bh3 h6 14.Nf1 Nd8 15.Bf4 Kh8 16.N1h2 Rg8
17.h5 Nf8 18.Qe3 d4 19.cxd4 cxd4 20.Qxd4 Bc5 21.Qc3 Qe7 22.a3 Nc6 23.d4 Nxd4
24.Nxd4 Rc8 25.b4 Bd6 26.exd6

[Event "VII OPEN AMATEUR CALVIA"]
[Site "Calvia - Mallorca (España)"]
[Date "2010.10.10"]
[Round "2"]
[Board "1"]
[White "Orcera Gomez, Francisco"]
[Black "Hjerten, Teo"]
[Result "1-0"]
[WhiteElo "1764"]
[BlackElo "1977"]
[PlyCount "57"]
[EventDate "2010.10.09"]
[EventRounds "9"]
[EventCountry "ESP"]

1.d4 Nf6 2.Nf3 e6 3.Bf4 d5 4.e3 c5 5.c3 Nc6 6.Bd3 Bd7 7.Nbd2 Be7 8.h3 Qb6 9.b3
Rc8 10.O-O O-O 11.Ne5 cxd4 12.cxd4 Nb4 13.Nxd7 Nxd7 14.Bb1 Qc6 15.Qe2 Qc3 16.a3
Nc2 17.Ra2 Nxa3 18.Bd3 a6 19.Nf3 Nf6 20.Bg5 Qb4 21.Rfa1 Nb5 22.Bxb5 Qxb5 23.Qxb5
axb5 24.Ra7 Bd6 25.Rxb7 b4 26.Ne5 Ne4 27.Be7 Bxe7 28.Rxe7 f6 29.Raa7

[Event "VII OPEN AMATEUR CALVIA"]
[Site "Calvia - Mallorca (España)"]
[Date "2010.10.10"]
[Round "2"]
[Board "1"]
[White "Torner Planell, Jordi"]
[Black "Sanchez Martinez, Miguel Angel"]
[Result "1/2-1/2"]
[WhiteElo "1966"]
[BlackElo "1745"]
[PlyCount "66"]
[EventDate "2010.10.09"]
[EventRounds "9"]
[EventCountry "ESP"]

1.d4 g6 2.g3 Bg7 3.Bg2 Nf6 4.Nf3 O-O 5.O-O c6 6.a4 d5 7.b4 Bg4 8.Ne5 Bf5 9.Bb2
Nbd7 10.Nd3 Re8 11.Nd2 Qc7 12.Nf3 Rac8 13.a5 b6 14.Ra2 c5 15.axb6 axb6 16.dxc5
bxc5 17.bxc5 Nxc5 18.Be5 Qb6 19.Qa1 Be4 20.Bd4 Bxd3 21.cxd3 Qe6 22.Rb1 Nh5
23.Bxg7 Nxg7 24.Qb2 Nf5 25.Nd4 Qf6 26.Nxf5 Qxf5 27.Qd4 e6 28.Ra7 Rc6 29.e4 dxe4
30.dxe4 Qg5 31.f4 Qd8 32.Qxd8 Rxd8 33.e5 Rcc8

[Event "VII OPEN AMATEUR CALVIA"]
[Site "Calvia - Mallorca (España)"]
[Date "2010.10.10"]
[Round "2"]
[Board "1"]
[White "Navarrete Abraham, Jorge"]
[Black "Tart, Peter K"]
[Result "1-0"]
[WhiteElo "1716"]
[BlackElo "1948"]
[PlyCount "71"]
[EventDate "2010.10.09"]
[EventRounds "9"]
[EventCountry "ESP"]

1.e4 e5 2.Nf3 d5 3.exd5 Bd6 4.d3 f5 5.Be2 Nf6 6.Nc3 Nbd7 7.Bg5 h6 8.Bxf6 Nxf6
9.Nd2 O-O 10.Nc4 Bb4 11.Nxe5 Nxd5 12.Qd2 Qf6 13.d4 Be6 14.a3 Bxc3 15.bxc3 Rad8
16.O-O Ne7 17.Bd3 c5 18.Nf3 c4 19.Be2 f4 20.Rfe1 g5 21.Bf1 Ng6 22.Rab1 g4 23.Ne5
Nxe5 24.dxe5 Qh4 25.Qe2 f3 26.Qe4 fxg2 27.Qxg2 Rf3 28.Be2 Rh3 29.Rb4 Bd5 30.Bxc4
Bxc4 31.Rxc4 h5 32.e6 Rf3 33.Rc7 Re8 34.e7 Qf6 35.Qf1 Kh7 36.Qb5

[Event "VII OPEN AMATEUR CALVIA"]
[Site "Calvia - Mallorca (España)"]
[Date "2010.10.10"]
[Round "2"]
[Board "1"]
[White "Andersen, Daniel"]
[Black "Matas Artigues, Josep"]
[Result "1-0"]
[WhiteElo "1940"]
[BlackElo "1722"]
[PlyCount "105"]
[EventDate "2010.10.09"]
[EventRounds "9"]
[EventCountry "ESP"]

1.c4 Nf6 2.Nc3 e6 3.g3 d5 4.Bg2 c6 5.b3 Nbd7 6.d4 Bb4 7.Bd2 O-O 8.Nf3 b6 9.a3
Be7 10.Bf4 Ba6 11.Nd2 Nh5 12.Be3 f5 13.f4 Rc8 14.O-O Bf6 15.Na2 Bb7 16.b4 Ba8
17.c5 bxc5 18.bxc5 Rb8 19.Nb4 Be7 20.Qa4 Rb5 21.Rab1 Ra5 22.Qb3 Qc7 23.Nf3 Rb8
24.Qc3 Ndf6 25.Ne5 Rbb5 26.Ra1 Ra4 27.Qc2 Rba5 28.Qb3 Nd7 29.Ned3 Nhf6 30.Nb2
Rxb4 31.axb4 Rxa1 32.Rxa1 Nb8 33.Bf2 a6 34.e3 Bd8 35.Be1 Qf7 36.Nd3 Qh5 37.Ne5
Bb7 38.Bf3 Qh6 39.Qc2 Bc7 40.b5 cxb5 41.c6 Bc8 42.Ba5 Bxa5 43.Rxa5 g5 44.Qc5 Qf8
45.Qa7 Nxc6 46.Nxc6 g4 47.Be2 Ne4 48.Qe7 h5 49.Qxf8+ Kxf8 50.Nb4 Nc3 51.Kf2 Ke7
52.Nxa6 b4 53.Nxb4

[Event "VII OPEN AMATEUR CALVIA"]
[Site "Calvia - Mallorca (España)"]
[Date "2010.10.10"]
[Round "2"]
[Board "1"]
[White "Ramis Sebastia, Jordi Salvador"]
[Black "Rodriguez Garcia, Jesus"]
[Result "0-1"]
[WhiteElo "1711"]
[BlackElo "1928"]
[PlyCount "144"]
[EventDate "2010.10.09"]
[EventRounds "9"]
[EventCountry "ESP"]

1.d4 Nf6 2.c4 e6 3.Nc3 d5 4.Bg5 Be7 5.e3 c6 6.Bd3 Nbd7 7.Nge2 dxc4 8.Bxc4 b5
9.Bd3 Bb7 10.O-O b4 11.Na4 O-O 12.Rc1 Re8 13.b3 Qa5 14.Bh4 Rac8 15.Bb1 Qh5
16.Bg3 c5 17.dxc5 Nxc5 18.Nxc5 Bxc5 19.Nf4 Qh6 20.Qe2 a6 21.Rfd1 Nd5 22.Nxd5
exd5 23.Qf3 Qb6 24.Qf4 g6 25.Qg4 Rcd8 26.h4 h5 27.Qf4 Bd6 28.Qg5 Bxg3 29.Qxg3
Re7 30.Rd4 a5 31.Rcd1 Rde8 32.Bd3 Kg7 33.Be2 Re5 34.Qh3 f5 35.Qg3 Kh7 36.Qg5 Qe6
37.Bb5 Rc8 38.Bd3 Kg7 39.Bb1 Qf6 40.Qxf6+ Kxf6 41.g3 Re7 42.Kh2 Rec7 43.Kh3 Rc1
44.R4d3 Ke5 45.Rd4 Rxd1 46.Rxd1 Ba6 47.Re1 Rc3 48.Kg2 Kd6 49.f3 Bb5 50.g4 hxg4
51.fxg4 Ke5 52.gxf5 gxf5 53.h5 Kf6 54.h6 Rc7 55.Kf3 Ke5 56.Rh1 Rh7 57.Rh5 Bd7
58.Kg3 Be6 59.Kh4 Kf6 60.Bd3 Kg6 61.Bb1 Rxh6 62.Rxh6+ Kxh6 63.Kg3 Kg5 64.Kf3 Bd7
65.Bd3 Be8 66.Ba6 Bh5+ 67.Kf2 f4 68.exf4+ Kxf4 69.Bd3 d4 70.Bb1 Bf3 71.Bd3 Be4
72.Bxe4 Kxe4